Discover Nanotechnology / (Record no. 3865)

MARC details
000 -LEADER
fixed length control field 00950nam a22002657a 4500
001 - CONTROL NUMBER
control field 3865
003 - CONTROL NUMBER IDENTIFIER
control field FISKH
005 - DATE AND TIME OF LATEST TRANSACTION
control field 20240520093226.0
008 - FIXED-LENGTH DATA ELEMENTS--GENERAL INFORMATION
fixed length control field 240520b cb ||||| |||| 00| 0 eng d
020 ## - INTERNATIONAL STANDARD BOOK NUMBER
International Standard Book Number 9781338171426
040 ## - CATALOGING SOURCE
Original cataloging agency FISKH
Language of cataloging eng
Transcribing agency FISKH
Modifying agency FISKH
050 ## - LIBRARY OF CONGRESS CALL NUMBER
Classification number T174.A56
082 ## - DEWEY DECIMAL CLASSIFICATION NUMBER
Classification number 620.5
100 ## - MAIN ENTRY--PERSONAL NAME
Personal name Amstutz, Lisa J.
Relator term author
245 ## - TITLE STATEMENT
Title Discover Nanotechnology /
Statement of responsibility, etc. by Lisa J. Amstutz
300 ## - PHYSICAL DESCRIPTION
Extent 40 pages :
Other physical details color illustrations ;
Dimensions 24 cm .
490 ## - SERIES STATEMENT
Series statement What's Cold About Science ?
505 ## - FORMATTED CONTENTS NOTE
Formatted contents note R <br/>
520 ## - SUMMARY, ETC.
Summary, etc. "Have you ever wondered what would happen if scientists could change or control atoms, the smallest building blocks of the universe? Examine the science of nanotechnology with simple language and striking visuals that reinforce understanding."--
521 8# - TARGET AUDIENCE NOTE
Target audience note 770 <br/>
Source Lexile <br/>
521 8# - TARGET AUDIENCE NOTE
Target audience note R <br/><br/>
Source Raz-Plus <br/>
650 ## - SUBJECT ADDED ENTRY--TOPICAL TERM
Topical term or geographic name entry element nanotechnology
Form subdivision non-fiction
942 ## - ADDED ENTRY ELEMENTS (KOHA)
Source of classification or shelving scheme Dewey Decimal Classification
Koha item type Books
Suppress in OPAC No
Holdings
Withdrawn status Lost status Source of classification or shelving scheme Damaged status Not for loan Collection Home library Current library Shelving location Date acquired Total Checkouts Total Renewals Full call number Barcode Date last seen Date last checked out Price effective from Koha item type
    Dewey Decimal Classification     Non-Fiction Footprints International School Library Network Toul Kork Campus Footprints International School Library Network Toul Kork Campus   05/20/2024 2 1 AMS 620.5 T174.A56 FISTK05516 12/01/2025 12/01/2025 05/20/2024 Books